000 00301nam a22001337a 4500
008 190206b xxu||||| |||| 00| 0 eng d
020 _a9780030008979
041 _aeng
080 _22nd
_a510
100 _a38
101 _aMAT
245 _aThe Mathematical Palette
_cStaszkowz,R
942 _2udc
_cBK
999 _c54090
_d54090